[Event "VIE-ch U13"]
[Site "Hanoi"]
[Date "2022.06.15"]
[Round "7"]
[White "Pham, Tran Gia Phuc"]
[Black "Pham, Nguyen Tuan Anh"]
[Result "1-0"]
[WhiteElo "2338"]
[BlackElo "2379"]
[PlyCount "105"]
[EventDate "2022.06.11"]
[EventType "swiss"]
[EventRounds "9"]
[EventCountry "VIE"]
[SourceTitle "EXT 2023"]
[Source "ChessBase"]
[SourceDate "2022.10.05"]
[SourceVersion "1"]
[SourceVersionDate "2022.10.05"]
[SourceQuality "1"]

1. e4 e6 2. d4 d5 3. e5 c5 4. c3 Nc6 5. Nf3 Qb6 6. Bd3 cxd4 7. 0-0 Nge7 8. cxd4 Nf5 9. Bxf5 exf5 10. Nc3 Be6 11. Ne2 Be7 12. b3 0-0 13. Nf4 Rac8 14. h4 Bb4 15. Bb2 Ne7 16. Nd3 Nc6 17. Rc1 Be7 18. Nf4 Nb4 19. a3 Nc6 20. Ng5 Bxg5 21. hxg5 Na5 22. Rc3 Rxc3 23. Bxc3 Rc8 24. Bb4 Nc6 25. Bc5 Qd8 26. Nh3 Nxe5 27. Bxa7 Ng6 28. Bc5 f4 29. Qf3 Qc7 30. Re1 Rd8 31. Bb4 b5 32. Kh1 Rc8 33. Bc5 Ra8 34. Ra1 Rd8 35. Re1 Ra8 36. a4 bxa4 37. bxa4 Qd7 38. Nxf4 Nxf4 39. Qxf4 Qxa4 40. Rb1 Qe8 41. Kh2 Rc8 42. Rb7 Ra8 43. Bd6 Rc8 44. Be5 Ra8 45. Rb3 Qa4 46. Qf3 Qd7 47. Qe2 Rc8 48. f3 Qa4 49. Rb2 Qd7 50. g4 Kf8 51. Kg3 f6 52. Bf4 f5 53. g6 1-0

[Event "VIE-ch U11"]
[Site "Hanoi"]
[Date "2020.??.??"]
[Round "6"]
[White "Pham, Nguyen Tuan Anh"]
[Black "Nguyen, Xuan Truong"]
[Result "1/2-1/2"]
[WhiteElo "2328"]
[BlackElo "2327"]
[PlyCount "46"]
[EventDate "2020.10.22"]
[EventType "swiss"]
[EventRounds "7"]
[EventCountry "VIE"]
[SourceTitle "EXT 2022"]
[Source "ChessBase"]
[SourceDate "2021.10.06"]
[SourceVersion "1"]
[SourceVersionDate "2021.10.06"]
[SourceQuality "1"]

1. d4 d5 2. c4 e6 3. Nc3 Nf6 4. Bg5 Nbd7 5. Nf3 Be7 6. e3 0-0 7. Rc1 c6 8. Bd3 dxc4 9. Bxc4 Nd5 10. Bxe7 Qxe7 11. 0-0 Nxc3 12. Rxc3 e5 13. dxe5 Nxe5 14. Nxe5 Qxe5 15. f4 Qe4 16. Qe2 Bf5 17. Bd3 Qd5 18. Bxf5 Qxf5 19. e4 Qe6 20. a3 Rfe8 21. Re1 Rad8 22. Rd3 h6 23. Qd2 Qe7 1/2-1/2